Povily po akciji: Vlasta Ocetnykova, Marián Kniž, Ema Lakatová

Bibliographic Details
Main Authors: Lysinová, Silvia, 1975- (Author, Interviewer), Ocetníková, Vlasta, 1964- (Author), Kníž, Marián (Author), Lakatová, Emília (Author)
Format: Article
Language:Ukrainian
Subjects:

MARC

LEADER 00000cab a2200000 a 4500
001 vtls008945042
003 SK-MaSNL
005 20260319071337.0
008 070212c2006 xo mr p 000 c0ukr
038 |a SVKPOCL 
040 |a SVKPOCL  |b slo  |c AACR2  |e AACR2 
041 0 |a ukr 
044 |a xo  |c SK 
080 |a 316.022.4(=161)(437.6)  |2 2001 
080 |a 398.23:394.1/.2  |2 2001 
080 |a 784.4:394.1/.2  |2 2001 
080 |a 394.1/.2  |2 2001 
100 1 |a Lysinová, Silvia,  |d 1975-  |4 aut  |4 ivr  |9 1032581 
245 1 0 |a Povily po akciji: Vlasta Ocetnykova, Marián Kniž, Ema Lakatová  |c Za odpovidi djakuje S. Lysinova 
545 1 |a Do r. 2006 Figliarská nôta v Prešove 
610 2 7 |a Rusínska obroda na Slovensku  |2 svkpocl  |9 118004 
610 2 7 |a Dom kultúry (Snina, Slovensko)  |2 svkpocl  |9 1068619 
611 2 7 |a Festival humoru a spevu  |n (7. :  |d 2006 :  |c Snina, Slovensko)  |2 svkpocl  |9 1069054 
648 7 |a 12.11.2006  |2 svkpocl  |9 1069055 
650 0 7 |a rusínsky humor  |x festivaly  |x hodnotenie  |2 svkpocl  |9 1069062 
650 0 7 |a rusínske piesne  |x festivaly  |x hodnotenie  |2 svkpocl  |9 1069063 
650 0 7 |a Rusíni  |z Slovensko  |x festivaly  |2 svkpocl  |9 1069058 
650 0 7 |a festivaly  |2 svkpocl  |9 3406 
651 7 |a Snina (Slovensko)  |2 svkpocl  |9 17361 
700 1 |a Ocetníková, Vlasta,  |d 1964-  |4 aut  |4 ive  |9 1049047 
700 1 |a Kníž, Marián  |4 aut  |4 ive  |9 1069064 
700 1 |a Lakatová, Emília  |4 aut  |4 ive  |9 1069065 
773 0 |t Info Rusyn  |g Roč. III, č. 12 (2006), s. 3 
852 |a SVKPO  |b KIS3GCP 
856 4 1 |a rusinska.obroda@kryha.sk 
856 4 1 |a www.rusyn.sk 
958 |a RN 
958 |a SK 
999 |c 1757723  |d 1759653